[Event "Hyderabad Singh Ji Memorial"]
[Site "Hyderabad"]
[Date "2023.01.11"]
[Round "3"]
[White "Praveen, Prasad P"]
[Black "Patil, Pranav Prafulla"]
[Result "0-1"]
[WhiteElo "2198"]
[BlackElo "1565"]
[PlyCount "121"]
[EventDate "2023.01.10"]
[EventType "swiss"]
[EventRounds "9"]
[EventCountry "IND"]
[SourceTitle "CBM 212 Extra"]
[Source "ChessBase"]
[SourceDate "2023.03.31"]
[SourceVersion "1"]
[SourceVersionDate "2023.03.31"]
[SourceQuality "1"]

1. e4 e5 2. Nf3 Nc6 3. Nc3 Nf6 4. h3 Be7 5. Bb5 d6 6. d4 exd4 7. Nxd4 Bd7 8. Be3 0-0 9. 0-0 Re8 10. Re1 Nxd4 11. Qxd4 Bxb5 12. Nxb5 a6 13. Nc3 Nd7 14. Qd2 Bf6 15. Bd4 Bxd4 16. Qxd4 Qf6 17. Qc4 c6 18. Rad1 Rad8 19. Re3 Ne5 20. Qf1 g5 21. Ne2 Ng6 22. Rf3 Qe5 23. Nd4 Qxe4 24. Re3 Qf4 25. g3 Qf6 26. Rf3 Qe5 27. Nf5 Qe4 28. Nh6+ Kg7 29. Nf5+ Kg8 30. Rdd3 Ne5 31. Nh6+ Kg7 32. Nf5+ Kh8 33. Qd1 Nxf3+ 34. Rxf3 Qe1+ 35. Qxe1 Rxe1+ 36. Kg2 f6 37. Rb3 Rd7 38. h4 h5 39. Rb4 g4 40. Ne3 d5 41. Rf4 Kg7 42. a4 Kg6 43. Rd4 Re7 44. Rd3 Re2 45. Kf1 R7xe3 46. fxe3 Rxc2 47. b4 Rb2 48. Rd4 Kf5 49. b5 axb5 50. axb5 Rxb5 51. Rf4+ Ke5 52. Ra4 Rb2 53. Kg1 c5 54. Ra8 Ke4 55. Rh8 c4 56. Re8+ Kf3 57. e4 dxe4 58. Rf8 Kxg3 59. Kf1 c3 60. Rc8 c2 61. Ke1 0-1

[Event "Kolhapur Kulkarni Memorial"]
[Site "Kolhapur"]
[Date "2021.12.07"]
[Round "6"]
[White "Patil, Pranav Prafulla"]
[Black "Ramnathan, Balasubramaniam"]
[Result "0-1"]
[WhiteElo "1553"]
[BlackElo "2181"]
[PlyCount "76"]
[EventDate "2021.12.04"]
[EventType "swiss"]
[EventRounds "10"]
[EventCountry "IND"]
[SourceTitle "EXT 2023"]
[Source "ChessBase"]
[SourceDate "2022.10.05"]
[SourceVersion "1"]
[SourceVersionDate "2022.10.05"]
[SourceQuality "1"]

1. e4 d6 2. d4 Nf6 3. Nc3 Nbd7 4. Be3 e5 5. Bc4 Be7 6. f3 c6 7. a4 a5 8. Qd2 Qc7 9. Nge2 0-0 10. g4 d5 11. exd5 Nb6 12. Bb3 Nfxd5 13. Bg5 Nxc3 14. bxc3 c5 15. Bxe7 Qxe7 16. dxc5 Qxc5 17. Ng3 Be6 18. Ne4 Qc6 19. 0-0 Rfd8 20. Qe3 Rac8 21. Rfd1 Nd5 22. Qg5 f6 23. Qd2 Qb6+ 24. Kh1 Nf4 25. Bxe6+ Nxe6 26. Qe1 Nf4 27. Rab1 Qc6 28. Rb5 b6 29. c4 Qxc4 30. Rxb6 Qxc2 31. Rxd8+ Rxd8 32. Nf2 Nh3 33. Nxh3 Rd1 34. Qxd1 Qxd1+ 35. Kg2 e4 36. Ng1 Qc2+ 37. Kf1 e3 38. Nh3 e2+ 0-1